000 00843nab a2200253 u 4500
001 18975
003 HDC
007 cr bn ---aaaaa
008 210228c |r|noo 0 a d
040 _aHDC
100 _aDebbie, Too,
_eauthor
_916502
245 0 _aBRUNEI: HALAL COSMETICS GUIDELINES READIED /
_cby Debbie Too
260 _a[No place] :
_b[publisher not identified],
_c2016
336 _atext
_2rdacontent
337 _acomputer
_2rdamedia
338 _aonline resource
_2rdacarrier
650 _aCosmetic product
_95346
650 _aHalal cosmetic
_95164
710 _aTHE BRUNEI TIMES
856 _zRequest full-text at [email protected]
942 _2lcc
942 _cNEWS
942 _kNWSO 009661
999 _c16291
_d16291